| 000 | 01172cam a2200313 4500 | ||
|---|---|---|---|
| 008 | 020327n2002 000 0 eng u | ||
| 020 | _a1840648422 | ||
| 035 | _a(Sirsi) u117253 | ||
| 041 | _aeng. | ||
| 050 | _a338.9 | ||
| 100 | _aDales, J. | ||
| 245 | _aPollution, property and prices : an essay in policy making and economics | ||
| 260 |
_aCheltenham _bEdward Elgar _c2002 |
||
| 300 |
_axii,117p. _c23cm. |
||
| 350 | _a35.00 | ||
| 490 | _aNew horizons in environmental economics | ||
| 520 | _aIn this text, originally published in 1968, John Dales proposes a new policy instrument for tackling pollution problems, namely "markets in pollution rights". The text focuses on pollution problems, rather than pollution itself, and attempts to offer a practicable way of coping with these problems. | ||
| 650 | _aPOLLUTION | ||
| 650 | _aECONOMICS | ||
| 650 | _aPOLICY-MAKING | ||
| 650 | _aEMISSIONS TRADING SCHEME | ||
| 650 | _aPOLLUTION RIGHTS | ||
| 650 | _aENVIRONMENTAL ECONOMICS | ||
| 650 | _aWASTE MANAGEMENT | ||
| 650 | _aCLIMATE CHANGE | ||
| 650 | _aENVIRONMENTAL REGULATION | ||
| 690 | _aENVIRONMENTAL AND LAND CONSULTANCY | ||
| 942 | _n0 | ||
| 999 |
_c101965 _d101965 |
||